[Event "86th Tata Steel Masters 2024"]
[Site "Wijk aan Zee"]
[Date "2024.01.18"]
[Round "5.4"]
[White "Praggnanandhaa, R...."]
[Black "Giri, Anish"]
[Result "1/2-1/2"]
[WhiteElo "2743"]
[BlackElo "2749"]
[Annotator "Stockfish 16"]
[PlyCount "81"]
[EventDate "2024.??.??"]

1. d4 d5 2. Nc3 Nf6 3. Bf4 Bf5 4. e3 e6 5. Bd3 Bxd3 6. cxd3 Bd6 7. Qb3 b6 (7...
Bxf4 8. Qxb7 Nbd7 9. exf4 O-O 10. Qb4 Rb8 11. Qa3 c5 12. dxc5 d4 13. Nce2 Rb5
14. Nf3 Nxc5 15. b4 Rxb4 16. O-O Qb6 17. Nfxd4 Ra4 18. Qc1 Nxd3 19. Qe3 Nb4 20.
f5 Nbd5 21. Qe5 Nd7 22. Qe4 {Enoeckl,P (2292)-Hoefelsauer,T (2322) Austria AUT
2023 1/2-1/2 (66)}) 8. Bxd6 Qxd6 9. Nf3 c6 $146 (9... O-O 10. O-O c6 11. Rac1
Nbd7 12. e4 e5 13. exd5 Nxd5 14. Ne4 Qg6 15. g3 Rfe8 16. Nxe5 Nxe5 17. dxe5
Rxe5 18. f4 Ree8 19. Rce1 Rad8 20. Qc4 h5 21. h4 b5 22. Qc5 Rxe4 23. Rxe4 Qxg3+
24. Kh1 {Niemann,H (2642)-Avila Pavas,S (2450) chess.com INT 2022 1-0 (61)})
10. O-O Ng8 11. a4 Ne7 12. a5 b5 13. Na2 Na6 14. Qa3 b4 15. Qa4 O-O 16. Nc1
Rfc8 17. Nb3 c5 18. dxc5 Nxc5 19. Nxc5 Qxc5 20. d4 Qd6 21. Ne5 f6 22. Nd3 e5
23. dxe5 fxe5 24. Rac1 Rxc1 25. Rxc1 Rb8 26. h3 h6 27. Qd1 $6 {Inaccuracy. Nc5
was best. Inaccuracy. Nc5 was best.} (27. Nc5 d4 28. Qb3+ Qd5 29. e4 Qxb3 30.
Nxb3 Rc8 31. Kf1 Kf7 32. Ke2 Rxc1 33. Nxc1 Nc6) 27... Ng6 28. Rc2 Kh7 $6 {
Inaccuracy. Rb5 was best.} (28... Rb5 29. Qh5 Rxa5 30. Rc8+ Kh7 31. Qf5 Qf6 32.
Qxf6 gxf6 33. Nxb4 Rb5 34. Rc7+ Kg8 35. Na6) 29. Nc5 Rb5 30. Nb3 Rb8 31. Rc5
Rd8 32. Qc2 Qf6 33. Rc6 Rd6 34. Rxd6 Qxd6 35. Qf5 Kg8 36. Qc8+ Kh7 37. Qf5 Kg8
38. Qc8+ Kh7 39. Qc5 Qxc5 40. Nxc5 Ne7 41. Kf1 {Precisão: Brancas 95% Pretas
95%} 1/2-1/2

[Event "86th Tata Steel Masters 2024"]
[Site "Wijk aan Zee"]
[Date "2024.01.18"]
[Round "5.5"]
[White "Abdusattorov, Nodirbek"]
[Black "Wei, Yi"]
[Result "1/2-1/2"]
[WhiteElo "2727"]
[BlackElo "2740"]
[Annotator "Stockfish 16"]
[PlyCount "125"]
[EventDate "2024.??.??"]

1. d4 Nf6 2. c4 g6 3. Nc3 d5 4. cxd5 Nxd5 5. e4 Nxc3 6. bxc3 Bg7 7. Bc4 c5 8.
Ne2 Nc6 9. Be3 O-O 10. O-O Bg4 11. f3 Na5 12. Bxf7+ Rxf7 13. fxg4 Rxf1+ 14.
Kxf1 Qd6 15. Kg1 Qe6 16. Qc2 cxd4 17. cxd4 Rc8 18. Qd3 Qxg4 19. Kh1 Qd7 $146 (
19... Nc4 20. Bg1 a6 21. a4 Bh6 22. Rb1 Qd7 23. Rb4 Na5 24. d5 Bf8 25. Nd4 e5
26. dxe6 Qd6 27. Rb1 Bg7 28. Qf3 Rf8 29. Qc3 Qe5 30. h3 Re8 31. Qf3 Qf6 32. Qe2
Qe5 33. Rf1 Qd6 34. Qa2 {Maghsoodloo,P (2707)-Salem,A (2632) Doha QAT 2023 1-0
(50)}) 20. Bg1 b6 21. a4 Kh8 22. Rf1 Rf8 23. Rxf8+ Bxf8 24. Qf3 Kg8 25. Nf4 Bh6
26. d5 Bxf4 27. Qxf4 Qd6 28. Qg4 e6 $6 {Inaccuracy. Qe5 was best. Mistake. Qe5
was best.} (28... Qe5 29. Qe2 Kf8 30. Qf3+ Ke8 31. Qd3 Nb7 32. Qa6 Nd6 33. Qxa7
Nc4 34. Bxb6 Nxb6 35. Qxb6) 29. h3 Nb7 30. Bh2 Qe7 31. Qg3 $6 {Inaccuracy. Bg3
was best.} (31. Bg3 exd5 32. exd5 Nc5 33. Qc8+ Kg7 34. d6 Qd7 35. Qb8 h5 36. a5
Kf7 37. Qc7 Ke6) 31... e5 32. Qc3 Nd6 33. Bxe5 Nxe4 34. Qc8+ Kf7 35. Bf4 Nf6
36. d6 Qe6 37. Qc7+ Nd7 38. Qxa7 g5 39. Bg3 h5 40. Qc7 h4 41. Bf2 g4 42. hxg4
Qxg4 43. Qd8 Qd1+ 44. Bg1 Qxa4 45. Qe7+ Kg6 46. Qe8+ Kf5 47. Bd4 Qd1+ 48. Kh2
Qxd4 49. Qxd7+ Kg5 50. Qe7+ Kf5 51. Qf7+ Kg5 52. Qg8+ Kf5 53. Qc8+ Kg5 54. Qd8+
Kf5 55. Qf8+ Kg5 56. Qe7+ Kf5 57. d7 Qf4+ 58. Kg1 Qc1+ 59. Kf2 Qd2+ 60. Kg1
Qc1+ 61. Kf2 Qd2+ 62. Kg1 Qc1+ 63. Kf2 {Precisão: Brancas 97% Pretas 98%}
1/2-1/2

[Event "86th Tata Steel Masters 2024"]
[Site "Wijk aan Zee"]
[Date "2024.01.18"]
[Round "5.6"]
[White "Gukesh, D...."]
[Black "Nepomniachtchi, Ian"]
[Result "1-0"]
[WhiteElo "2725"]
[BlackElo "2769"]
[Annotator "Stockfish 16"]
[PlyCount "97"]
[EventDate "2024.??.??"]

1. d4 Nf6 2. c4 e6 3. Nf3 d5 4. Nc3 c5 5. cxd5 cxd4 6. Qxd4 exd5 7. Bg5 Be7 8.
e3 O-O 9. Bb5 Nc6 (9... a6 10. Ba4 Nc6 11. Qd3 Bg4 12. Bxc6 bxc6 13. Ne5 Qc8
14. Bxf6 Bxf6 15. Nxg4 Qxg4 16. O-O Qb4 17. Rab1 Bxc3 18. bxc3 Qa4 19. Qd2 Rfb8
20. g3 Rb5 21. Rb2 Rab8 22. Rfb1 g6 23. Rb4 Qa5 24. Kg2 {Kuzubov,Y (2625)
-Dominguez Perez,L (2745) chess.com INT 2023 1/2-1/2}) 10. Qa4 Bd7 (10... Be6
11. Bxc6 bxc6 12. Nd4 c5 13. Nc6 Qd7 14. O-O Bd6 15. Bxf6 gxf6 16. e4 d4 17.
Nd5 Kg7 18. Qa6 f5 19. f3 fxe4 20. fxe4 f5 21. Nf4 fxe4 22. Ne5 Qe7 23. Nc6 Bc8
24. Qe2 Qe8 25. Nh5+ {Laurent-Paoli,P (2539)-Stijve,T (2351) Basel SUI 2023
1-0 (39)}) 11. Rd1 $146 (11. O-O a6 12. Be2 (12. Bxc6 bxc6 13. Ne5 Qc7 14. Nxd7
Qxd7 15. Rfd1 Qe6 16. Rac1 h6 17. Bxf6 Bxf6 18. Ne2 Rfc8 19. Nd4 Bxd4 20. Qxd4
Rab8 21. Rc5 Rb5 22. Rdc1 Qd6 23. g3 Rxc5 24. Rxc5 Rb8 25. Qc3 Rb6 {Bermejo
Collado,J (2260)-Alvarez,A (2095) Collado Villalba 1996 1/2-1/2 (50)}) 12... b5
(12... Be6 13. Nd4 Nxd4 14. Qxd4 h6 15. Bf4 Rc8 16. Rfd1 Bc5 17. Qd3 Qe7 18.
Be5 Nd7 19. Bd4 Nb6 20. Bf3 Bxd4 21. Qxd4 Qc5 22. h3 Rfd8 23. Qxc5 Rxc5 24. Rd4
Rd7 25. Rad1 Kf8 {Xu,Y (2536)-Fang,Y (2477) Beijing 2017 1-0 (57)}) 13. Qd1 Be6
14. Nd4 Nxd4 15. Qxd4 h6 16. Bh4 Rc8 17. Rfd1 Qd7 18. a3 Rc7 19. Bg3 Bd6 20.
Bxd6 Qxd6 21. e4 Qe7 22. e5 Nd7 23. f4 Qc5 24. f5 Bxf5 25. Nxd5 Ra7 {Guliev,S 
(2470) -Ginsburg,G (2435) Minsk 1994 1-0 (37)}) 11... a6 12. Bxc6 bxc6 13. Ne5
Rc8 14. O-O Be8 15. Qxa6 h6 16. Bh4 Ra8 17. Qe2 Ne4 18. Nxe4 Bxh4 19. Nc3 Bf6
20. Nd3 Qa5 21. Rd2 Bd7 22. Rc1 Rfb8 23. Qf3 Bc8 24. h3 Ba6 25. Qf5 Bc8 26. Qh5
Be6 27. Nf4 Bd7 28. Qd1 $6 {Inaccuracy. Nfe2 was best.} (28. Nfe2 Qb4 29. Rdc2
(29. a3) 29... Ra5 30. a3 Qb6 31. Qf3 Qa6 32. Rd1 Qa7 33. Nd4 c5 34. Nf5 Bxc3)
28... Bf5 29. Nfe2 Bg6 30. Nd4 Ra6 31. b3 Be7 32. Na4 Rc8 33. Qg4 Rc7 34. Rcd1
Bb4 $4 {Blunder. Ra8 was best.} (34... Ra8 35. Nf5 Bf8 36. h4 h5 37. Qf3 Re8
38. Ng3 Rce7 39. Rd4 Re5 40. Qe2 Qc7 41. b4) 35. Nxc6 Rcxc6 36. Rxd5 h5 37. Qf4
Rd6 38. Rxd6 Bxd6 39. Rxd6 Rxd6 40. Qxd6 Qe1+ 41. Kh2 Qxf2 42. Nc3 $6 {
Inaccuracy. Nc5 was best.} (42. Nc5 Qxa2 43. b4 Qe2 44. Qb8+ Kh7 45. Nd7 Bd3
46. Nf8+ Kg8) 42... Qc2 $4 {Blunder. Qxe3 was best.} (42... Qxe3 43. Nd5 Qe2 (
43... Qf2 44. Ne7+ Kh7 45. Nxg6 fxg6 46. b4 Qxa2 47. b5 Qa4 48. b6 Qb5 49. Qd4)
44. a4 Qc2 (44... Kh7 45. Nf4 Qc2 46. Nxg6 fxg6 47. Qb8) 45. Ne7+ Kh7 46. Nxg6
fxg6 47. Qb8 Qa2 48. Qg3 Qa3 49. Qc3) 43. Qd4 $5 {Inaccuracy. Qd8+ was best.} (
43. Qd8+ Kh7 44. Qd4 Bd3 45. b4 f5 46. Nd5 Be4 47. Nf4 h4) 43... Bd3 $6 (43...
Qf2 44. b4) 44. Nd5 Be4 (44... Bf1 45. Nf4 g6 46. Qd8+ Kg7 47. Qe7 Kg8 48. Qg5
h4 49. Qxh4) 45. Nf4 g6 (45... f6 46. Qc4+ Qxc4 47. bxc4 h4 48. a4 Kf7 49. a5
Bb7 50. Nd5 g5) 46. a4 (46. Qd8+ Kg7 47. Qe7 Kg8 48. Qe8+ Kg7 49. b4 Qc6 50.
Qe7 Kg8) 46... Bf3 $6 {Inaccuracy. Bc6 was best.} (46... Bc6 47. Qd8+ Kg7 48.
Qd3 Qxd3 49. Nxd3 Kf6 50. a5 (50. Kg3 Kf5 (50... Ke7 51. Ne5) 51. Kf2 g5 52. a5
h4 53. Nb4) 50... Kf5 51. Nb4 Bb7 52. a6 Ba8 53. Kg1) 47. Qd3 (47. b4 Bb7 48.
Qd8+ Kg7 49. Qe7 Qe4 50. Qxe4 Bxe4 51. h4 Kf6) 47... Qf2 48. e4 Bd1 49. Nxg6 {
Precisão: Brancas 95% Pretas 89%} 1-0

[Event "86th Tata Steel Masters 2024"]
[Site "Wijk aan Zee"]
[Date "2024.01.18"]
[Round "5.7"]
[White "Maghsoodloo, Parham"]
[Black "Ding, Liren"]
[Result "1/2-1/2"]
[WhiteElo "2740"]
[BlackElo "2780"]
[Annotator "Stockfish 16"]
[PlyCount "61"]
[EventDate "2024.??.??"]

1. e4 {[%emt 0:00:16] Stockfish} e5 2. Nf3 Nc6 3. Bc4 Nf6 4. d3 Bc5 5. c3 d6 6.
a4 a5 7. Bg5 h6 8. Bh4 Qe7 (8... Ba7 9. Na3 Qe7 (9... g5 10. Bg3 Ne7 11. Qb3
O-O 12. O-O-O c6 (12... Ng6) 13. Rhe1 (13. Qc2) 13... Ng6 14. d4 Qe7 15. Nc2
Rb8 16. Ne3 (16. Qa3 Re8 17. Kb1) 16... Nxe4 (16... b5 17. axb5 cxb5 18. Bxb5
Qb7) 17. Qc2 exd4 (17... Kg7) 18. Nxd4 Qf6 (18... Nh4 19. f3 Bxd4) 19. Qxe4 d5
20. Bxd5 Bxd4 21. Qxd4) 10. Nb5 Bb6 11. Qb3 g5 12. Bg3 O-O 13. O-O-O Nh5 14. d4
exd4 15. Nbxd4 (15. Nfxd4 Ne5 {RR} 16. Be2) 15... g4 16. Nh4 Bxd4 17. cxd4 Qxe4
18. Rhe1 Qh7 19. Rd2 (19. Bd3 {RR} Qg7 20. Ng6) 19... Bd7 20. Bd3 Qg7 21. Bf5
Bxf5 (21... Nxd4 22. Rxd4 Qxd4 23. Bxd7) (21... Rae8 22. Re3 Bxf5 23. Nxf5 Qg5
24. Qxb7 Qxf5 25. Qxc6 Nf6) 22. Nxf5 Qg5 23. Qb5 {Gukesh,D (2725)-Ding,L (2780)
Wijk aan Zee, Netherlands 2024 [Stockfish 16] 0-1 (37)}) (8... O-O 9. O-O Ba7
10. Na3 g5 11. Bg3 Nh7 (11... Kh8) 12. Nb5 Bb6 13. d4 Qf6 14. Re1 (14. Be2)
14... h5 15. h4 Bg4 16. Be2 (16. Re3) 16... Bxf3 17. Bxf3 g4 (17... gxh4 18.
Bh2 exd4 19. cxd4 Nxd4 20. Nxd4 Bxd4) 18. dxe5 (18. Be2) 18... Nxe5 (18... dxe5
19. Be2 Rfd8) 19. Be2 Ng6 20. Bd3 Rae8 21. Na3 Nxh4 22. Nc4 Ng6 23. e5 (23.
Nxb6 cxb6 24. Bc4)) (8... Be6 9. Nbd2 g5 10. Bg3 Ba7 11. O-O O-O 12. Bb3 Qd7
13. Re1 Kg7 14. Nc4 Rfe8 15. Ne3 Bxe3 16. fxe3 Bxb3 17. Qxb3 b6 18. Nd2 Nh5 19.
Bf2 f5 20. exf5 Qxf5 21. e4 Qe6 22. Qxe6 Rxe6 23. Nc4) 9. O-O $146 (9. Nbd2 Ba7
(9... Bd7 10. Nf1 Be6 11. Bxe6 fxe6 12. Ne3 Bxe3 13. fxe3 O-O 14. O-O Qd7 15.
Qe2 Rf7 16. Nd2 Raf8 17. Bxf6 {1/2-1/2 (17) Pal,R (1955)-Southcott-Moyers, I 
(2040) Kenilworth ENG 2023}) (9... g5 10. Bg3 Ba7 11. Qe2 Be6 12. Bb5 O-O 13.
O-O Nh5 14. d4 Nxg3 15. hxg3 g4 16. Nh2 exd4 17. Bxc6 bxc6 18. Rac1 h5 19. Kh1
Rab8 20. f4 Rxb2 21. f5 Qg5 22. Rf4 Bc8 23. Qd3 dxc3 {Guerrero,A (2284)
-Castellanos Rodriguez,R (2474) San Cristobal de La Laguna ES 2022 0-1 (35)})
10. Qe2 Bd7 11. Bb5 g5 12. Bg3 Nh5 13. Nc4 Ng7 14. Ne3 Bxe3 15. fxe3 O-O 16.
O-O Rae8 17. Nd2 Nb8 18. Rf2 f5 19. exf5 Nxf5 20. e4 Nxg3 21. hxg3 Rxf2 22.
Qxf2 b6 23. Qe2 Rf8 {Murzin,V (2549)-Lysyj,I (2604) Obninsk RUS 2022 1/2-1/2 
(57)}) 9... Ba7 10. Nbd2 Bd7 11. Rb1 g5 12. Bg3 O-O 13. Re1 g4 $6 {Inaccuracy.
Rfe8 was best.} (13... Rfe8 14. Bb5 Qf8 15. Nc4 Qg7 16. Ra1 Qg6 17. Bxc6 Bxc6
18. Nxa5 Bxf2+ 19. Bxf2 Rxa5 20. b4) 14. Bh4 gxf3 15. Qxf3 Kg7 16. Nf1 Rh8 17.
Ne3 Raf8 18. Kh1 $6 {Inaccuracy. Nf5+ was best.} (18. Nf5+) 18... h5 19. Qg3+
Kh7 20. Nd5 Nxd5 21. exd5 f6 22. dxc6 Bxc6 23. d4 Qg7 24. Bd3+ Kg8 25. Re3 exd4
26. Qxg7+ Kxg7 27. Rg3+ Kf7 28. Rg6 Rhg8 29. Rxf6+ Kg7 30. Rg6+ Kf7 31. Rf6+ {
Precisão: Brancas 97% Pretas 96%} 1/2-1/2

[Event "86th Tata Steel Masters 2024"]
[Site "Wijk aan Zee"]
[Date "2024.01.20"]
[Round "7.3"]
[White "Vidit, Santosh Gujrathi"]
[Black "Firouzja, Alireza"]
[Result "1-0"]
[WhiteElo "2742"]
[BlackElo "2759"]
[Annotator "GM Rafael Leitão"]
[PlyCount "83"]
[EventDate "2024.??.??"]
[TimeControl "40/6000+30:3000+30"]

{[%evp 0,83,18,17,57,54,95,95,82,36,36,33,88,34,82,29,26,25,38,9,78,52,83,71,
87,-60,-50,130,127,127,283,129,229,229,164,168,240,232,240,232,247,211,180,160,
209,193,170,108,190,126,126,150,192,208,216,184,189,169,229,221,228,240,250,
270,245,270,270,239,258,294,292,265,252,252,263,247,247,247,247,254,254,248,
399,399,484,507]} 1. e4 c5 2. Nf3 d6 3. d4 cxd4 4. Nxd4 Nf6 5. Nc3 a6 6. h3 Nc6
{Um lance que foge da escolha típica dos jogadores de Najdorf, que certamente
se sentem mais atraídos por 6...e5 ou 6...e6, mas que ainda é perfeitamente
possível, assim como 6...g6.} 7. Be3 (7. g4 {é uma alternativa importante.})
7... e5 8. Nb3 (8. Nxc6 {foi tentado em uma partida de elite recentemente:}
bxc6 9. f4 {Dominguez Perez-Shankland, Saint Louis rápido 2023.}) 8... Be6 9.
Qf3 {Esta casa não parece a mais confortável para a dama e o leitor pode se
perguntar por que esta peça não vai para d2. Como costuma acontecer, o
cálculo fornece a resposta. Com a dama em d2, o lance 9...d5 é muito mais
atraente para as Negras.} (9. Qd2 d5 $1 {[%c_effect d5;square;d5;type;
GreatFind;persistent;true] Este lance não funciona bem com a dama em f3, como
veremos.}) 9... Nb4 (9... d5 10. exd5 {Ao contrário do que acontece com a
dama em d2, aqui as Negras não podem capturar em d5 com o cavalo.} Bxd5 {
Um lance estranho.} (10... Nxd5 $2 {[%c_effect d5;square;d5;type;Mistake;
persistent;true] perde para} 11. O-O-O) 11. Qg3 {Este é provavelmente o mais
desagradável. As Brancas têm a iniciativa.} (11. Nxd5 Qxd5 12. Qxd5 Nxd5 {
As Brancas também podem lutar pela vantagem neste final.})) (9... Rc8 {
foi jagado em Wijk aan Zee há alguns anos. O famoso jogador de Brancas
conseguiu vantagem depois de:} 10. O-O-O Na5 11. Bg5 Be7 12. Bxf6 Bxf6 13. Nd5
Bg5+ 14. Kb1 {Carlsen-Donchenko, Tata Steel Wijk aan Zee 2021.}) 10. O-O-O Rc8
11. Kb1 $1 {[%c_effect b1;square;b1;type;GreatFind;persistent;true] Mais uma
vez o princípio “em caso de dúvida, jogue Rb1” mostra o seu valor.} (11.
a3 {não é tão bom, já que o típico sacrifício de qualidade em c3 vem em
uma versão melhorada.} Rxc3 $1 {[%c_effect c3;square;c3;type;GreatFind;
persistent;true]} 12. bxc3 Nc6 {com uma boa compensação para as Negras.
Kasparov certa vez chamou o sacrifício em c3 de \"uma questão de cultura\".
Devo admitir que me falta cultura suficiente para saber quando é bom e quando
é ruim, já que na partida isso também será possível. Com o peão em a3 e
o rei ainda em c1, a ala da dama parece mais desprotegida do que o normal.
Isso foi jogado na partida entre Erigaisi e Delgado Ramirez, no Sharjah
Masters de 2021.}) 11... Qc7 {Estamos nos aproximando do momento crítico da
partida e aqui eu gostaria de abordar um mito típico que existe sobre as
partidas dos grandes mestres de elite, ou seja, que eles sabem tudo na
abertura. Julgando pelo tempo gasto e também pelos comentários de Vidit
após a partida, ambos os jogadores já estavam fora da preparação, mesmo
que a posição fosse tática, com lances naturais que também são sugeridos
pelo computador e por várias partidas de grandes mestres fortes. Isso
demonstra mais uma vez, para aqueles que ainda duvidam, que o que vence
partidas mesmo nesse nível é a habilidade no tabuleiro e não a memória.} (
11... Rxc3 {Aqui, o sacrifício mais refinado aparentemente não é tão bom.}
12. bxc3 Nc6 13. g4 {A ala da dama está muito melhor protegida e as Brancas
avançam rapidamente com g5 e h4.}) 12. a3 {Este lance traz grandes
complicações, já que as Negras são forçadas a sacrificar o cavalo.} (12.
Bg5 $1 {[%c_effect g5;square;g5;type;GreatFind;persistent;true] é
objetivamente mais forte e já foi tentado em algumas partidas.} Be7 13. a3 (
13. Bxf6 {também é possível:} Bxf6 14. a3 Nc6 15. Nd5 Bxd5 16. exd5 Na5 17.
Nxa5 Qxa5 18. Bd3 {A posição das Brancas é mais confortável porque seu rei
está mais seguro nesta posição com bispos de cores opostas.}) 13... Nc6 14.
Bd3 $1 {[%c_effect d3;square;d3;type;GreatFind;persistent;true] Um lance novo.}
(14. Nd5 Nxd5 15. exd5 Bxd5 $1 {[%c_effect d5;square;d5;type;GreatFind;
persistent;true]} 16. Qxd5 Bxg5 {está perto da igualdade: Stukopin-Wang,
Chicago, 2015.}) 14... b5 15. Bxf6 Bxf6 16. Nd5 {As Brancas têm a iniciativa.
Se as Negras fizerem lances naturais, a posição se tornará perigosa muito
rapidamente, por exemplo:} Bxd5 17. exd5 Ne7 18. Nd2 $1 {[%c_effect d2;square;
d2;type;GreatFind;persistent;true]} Ng6 19. g3 {Seguido por h4, Ce4 e assim
por diante.}) 12... Nxc2 $1 {[%c_effect c2;square;c2;type;GreatFind;persistent;
true] A única maneira de justificar o lance anterior.} 13. Kxc2 Qc6 $1 {
[%c_effect c6;square;c6;type;GreatFind;persistent;true] Atacando o peão em e4
e também preparando Da4.} 14. Nd2 $1 {[%c_effect d2;square;d2;type;GreatFind;
persistent;true]} (14. Bd3 Qa4 $1 {[%c_effect a4;square;a4;type;GreatFind;
persistent;true] recupera a peça. O computador ainda avalia isso como igual.})
14... Qa4+ $146 {[%c_effect a4;square;a4;type;Mistake;keyPressed;undefined;
persistent;true] Uma novidade teórica e o erro decisivo da partida. 14...d5
é um lance praticamente automático e sem dúvida Firouzja o teria jogado em
uma partida de blitz. O lance realizado é refutado de mais de uma maneira:
além do que Vidit fez, 15.b3 também concede uma grande vantagem às Brancas.}
(14... d5 $1 {[%c_effect d5;square;d5;type;GreatFind;persistent;true] é
necessário, com uma posição caótica que vem sendo discutida em algumas
partidas importantes.} 15. exd5 Nxd5 16. Nc4 {A opção mais segura,
devolvendo material.} (16. Rc1 {é interessante e complicado:} Qa4+ 17. Kb1
Nxc3+ 18. Rxc3 Rxc3 19. bxc3 f5 $1 {[%c_effect f5;square;f5;type;GreatFind;
persistent;true] Uma novidade importante.} (19... Bxa3 {foi a escolha em todas
as partidas, mas não iguala após} 20. Bd3) 20. Bc4 $5 {[%c_effect c4;square;
c4;type;Interesting;persistent;true]} (20. Qxb7 $2 {[%c_effect b7;square;b7;
type;Mistake;persistent;true] perde para} Qd1+ 21. Kb2 Bxa3+ 22. Kxa3 Qa1+ 23.
Kb4 Qb2+ {e a dama é capturada.}) 20... Bxc4 21. Qxf5 Qb5+ 22. Ka1 (22. Kc2
Qa4+ {termina em xeque perpétuo.}) 22... Bd3 23. Qc8+ Kf7 24. Nf3 h6 $1 {
[%c_effect h6;square;h6;type;GreatFind;persistent;true] O único lance $1 As
Negras evitam Cg5+.} 25. Qc7+ Kg8 26. Nxe5 Be4 27. Qf7+ Kh7 28. Nd7 $1 {
[%c_effect d7;square;d7;type;GreatFind;persistent;true] Ameaçando mate em Cf6.
} Qf5 $1 {[%c_effect f5;square;f5;type;GreatFind;persistent;true]} 29. Qxf5+
Bxf5 30. Nxf8+ Rxf8 31. Rd1 {As Brancas têm um peão a mais, mas um empate é
o resultado mais provável.}) 16... Nxc3 17. Qxc6+ Rxc6 18. bxc3 Bxc4 19. Bxc4
Rxc4 20. Rd5 $1 {[%c_effect d5;square;d5;type;GreatFind;persistent;true]} Be7 {
As duas partidas que encontrei nesta posição terminaram empatadas.} (20... f6
{é muito ganancioso:} 21. Rhd1 Be7 22. Rd7 {com a iniciativa.})) ({RR} 14...
d5 15. exd5 Nxd5 16. Ndb1 Qa4+ 17. Kd2 Qb3 18. Ke1 Nxe3 19. Qxe3 Qxb2 20. Qxe5
Bc5 21. Rd2 Qc1+ 22. Rd1 Qb2 23. Rd2 Qc1+ 24. Rd1 Qb2 25. Be2 O-O 26. Kf1 Rfe8
27. Qf4 Bxa3 28. Nxa3 Rxc3 29. Nb1 {Osmak,I (2343)-Gritsayeva,O (2321) Moscow
2017 0-1 (57)}) 15. Kd3 $1 {[%c_effect d3;square;d3;type;GreatFind;persistent;
true] A melhor resposta.} (15. Kb1 $2 {[%c_effect b1;square;b1;type;Mistake;
persistent;true]} Rxc3 $1 {[%c_effect c3;square;c3;type;GreatFind;persistent;
true]} 16. bxc3 d5 {As Negras alcançam uma posição dos sonhos com muita
compensação.}) (15. b3 {também é possível:} Qc6 (15... Qxa3 $2 {
[%c_effect a3;square;a3;type; Mistake;persistent;true]} 16. Bc4 {As Negras
estão totalmente perdidas.}) 16. Bg5 Nxe4 {A única maneira de lutar.} 17.
Ndxe4 d5 {As Brancas certamente podem obter vantagem de mais de uma maneira
aqui, mas a continuação da partida é mais convincente.}) 15... Rxc3+ $146 {
há como voltar atrás. As Negras têm que tentar abrir a posição do rei.}
16. bxc3 d5 17. Ke2 $1 {[%c_effect e2;square;e2;type;GreatFind;persistent;true]
Vidit se prepara para esconder o rei em e1. Após a partida, ele admitiu que
não estava certo da avaliação neste ponto (o computador considera a
posição das Brancas como ganha), mas jogou com excelente precisão em uma
posição complicada.} dxe4 18. Qg3 Nd7 19. Ke1 (19. f4 {Este é um bom lance
para libertar as peças e poderia ter sido jogado aqui e em outras posições.}
) 19... f5 20. Be2 {A vantagem de ter mais material é que você pode devolver
parte dele e ainda permanecer à frente na contagem.} g6 (20... f4 21. Bxf4
exf4 22. Qxf4 {com uma vitória simples: o rei está seguro, o peão em e4
está prestes a cair e as Brancas têm uma qualidade a mais.}) 21. h4 (21. f4 {
é outra maneira de finalizar o desenvolvimento.}) 21... Be7 22. Bg5 (22. f4 {
é novamente possível, por exemplo:} exf3 23. Qxf3 {com uma posição ganha.
As Negras não têm jogo suficiente para justificar estar com uma torre a
menos. Se...} Bxh4+ 24. g3) 22... f4 23. Bxf4 exf4 24. Qxf4 Rf8 (24... Bd5 {
protege o peão em e4 e é a única chance, mas a posição das Brancas ainda
está ganha.}) 25. Qxe4 Qxe4 26. Nxe4 Bxa3 27. h5 {O final é fácil de ganhar
para as Brancas. Elas têm uma qualidade inteira a mais. O restante não
requer muitos comentários.} Bf5 28. Rd4 Ne5 29. hxg6 Bxg6 30. Bh5 Nc6 31. Rd5
Ke7 32. Bxg6 hxg6 33. Rh7+ Ke6 34. Rdd7 b5 35. f3 Rc8 36. Rb7 b4 37. cxb4 (37.
Rhc7 {também é muito bom.}) 37... Bxb4+ 38. Ke2 a5 39. Rhg7 Ne5 40. Ke3 Rc6
41. f4 Ng4+ 42. Kd4 {Precisão Chess.Com: Brancas 94.2% Pretas 88.5%} 1-0